Statistics for Смешарики

Click here to take the quiz!

General Stats

  • This quiz has been taken 736 times
  • The average score is 9 of 9

Answer Stats

ПодсказкаПерсонаж% Correct
Жизнерадостный, общительный и озорной кролик.Крош
99%
Самовлюблённая, капризная и обидчивая свинка.Нюша
98%
Лирический поэт, артистическая натура, меланхолик, романтик.Бараш
98%
Пингвин-изобретатель, работает в ангаре, заваленном инструментами и деталями, спит в холодильнике.Пин
97%
Умный, несколько склонный к авантюрам лось.Лосяш
97%
Следует здоровому образу жизни.Совунья
96%
Хорошо воспитан, застенчив, иногда мнителен, обладает нордическим характером и философским складом ума.Ёжик
93%
Любит эпатировать окружающих, хвастлив, демонстративен, сентиментален и харизматичен,Кар-Карыч
92%
К любому делу подходит основательно, а в критических ситуациях способен мыслить трезво и контролировать ситуацию.Копатыч
92%

Score Distribution

Percentile by Number Answered

Percent of People with Each Score

Your Score History

You have not taken this quiz